000 00727nam a22002177a 4500
005 20230209054428.0
008 230209b |||||||| |||| 00| 0 eng d
020 _a978-971-23-8003-7
082 _aFil. 745.53 B297 2017
100 _aBasbas, John Gabrielle D.
_eauthor
245 _aHandicraft:
_bleathercraft and woodcraft /
_cJohn Gabrielle D. Basbas; Leonora D. Basbas, coordinator
250 _a1st ed.
260 _aManila:
_bRex Book Store,
_cc2017.
300 _ax, 144p.;
_bill.
504 _aIncludes references and index
541 _e5605 c.1, 5606 c.2, 5607 c.3, 5608 c.4, 5609 c.5
650 _aHandicraft
650 _aLeather work
650 _aWoodwork
700 _aBasbas, Leonora D.
_ecoordinator
999 _c1019
_d1019